Normal view
MARC view
- Childers, Donald G
Entry Personal Name
001 - CONTROL NUMBER
- control field: 96073
003 - CONTROL NUMBER IDENTIFIER
- control field: NUST
005 - DATE AND TIME OF LATEST TRANSACTION
- control field: 20220801141500.0
008 - FIXED-LENGTH DATA ELEMENTS
- fixed length control field: 220801|| aca||aabn | a|a d
040 ## - CATALOGING SOURCE
- Original cataloging agency: NUST
- Transcribing agency: NUST
100 ## - HEADING--PERSONAL NAME
- Personal name: Childers, Donald G
670 ## - SOURCE DATA FOUND
- Source citation: Work cat.: (NUST)179868: Childers, Donald G., Probability and Random Processes :, c1997.
